Capital Cities of South East Asia - Statistics

General Stats
  • This quiz has been taken 178 times
  • The average score is 8 of 11
Answer Stats
Hint Answer % Correct
Thailand Bangkok
90%
Indonesia Jakarta
90%
Philippines Manila
89%
Singapore Singapore
88%
Vietnam Hanoi
83%
Malaysia Kuala Lumpur
75%
East Timor Dili
55%
Laos Vientiane
53%
Cambodia Phnom Penh
52%
Brunei Bandar Seri Begawan
46%
Myanmar (Burma) Naypyidaw (Nay Pyi Taw)
44%
No matching quizzes found
Score Distribution
Percent of People with Each Score
Percentile by Number Answered
Your Score History
You have not taken this quiz